000 00367 a2200169 4500
001 189336
020 _a978-85-7153-268-7
040 _cMagnum
100 _aMarquez, Yêda
240 1 0 _aA viagem da pipa vermelha
_lpor
245 1 0 _aA viagem da pipa vermelha
300 _a36
362 0 _a2011
440 1 _aRHJ
697 _aLITERATURA INFANTO
942 _cBK
999 _c189336
_d189336